|
|
|
|
| LEADER |
01004nam a22002171a 4500 |
| 020 |
|
|
|a 9788170803676
|
| 082 |
|
|
|a S 720
|b BHO/S.1
|
| 100 |
|
|
|a Bhojadeva
|9 111751
|
| 245 |
|
|
|a Samarangana sutradhara (v.1)/
|c by Bhojadeva
|
| 260 |
|
|
|a Varanasi:
|b Chowkhamba Sanskrit Series Office,
|c 2011.
|
| 300 |
|
|
|a 815p.
|
| 490 |
|
|
|a Chowkhamba sanskrit series;144
|
| 650 |
|
|
|a Architecture
|9 111752
|
| 650 |
|
|
|a Arts
|9 111753
|
| 700 |
|
|
|a Shri Krishna Jugnu (ed.)
|9 111754
|
| 700 |
|
|
|a Bhanwar Sharma (ed.)
|9 111755
|
| 942 |
|
|
|c BK
|
| 999 |
|
|
|c 39635
|d 39635
|
| 952 |
|
|
|0 0
|1 0
|4 0
|6 S_720_000000000000000_BHO_S
|7 0
|9 57385
|a SSUS
|b SSUS
|d 2015-01-08
|g 575.00
|o S 720 BHO/S
|p 069582
|r 2015-01-08
|v 0.00
|w 2015-01-08
|y BK
|
| 952 |
|
|
|0 0
|1 0
|4 0
|6 S_720_000000000000000_BHO_S_1
|7 0
|9 57386
|a SSUS
|b SSUS
|c STACKS
|d 2019-02-14
|g 575.00
|l 1
|o S 720 BHO/S.1
|p 093567
|r 2019-05-07
|s 2019-04-02
|w 2019-02-14
|y BK
|
| 952 |
|
|
|0 0
|1 0
|4 0
|6 S_720_000000000000000_BHO_S_1
|7 0
|9 57387
|a SSUS
|b SSUS
|c STACKS
|d 2019-02-14
|g 575.00
|o S 720 BHO/S.1
|p 093566
|r 2019-02-14
|w 2019-02-14
|y BK
|